000 01439nam a2200373 c 4500
003 BLK
005 20241105101822.0
008 180410b bul|||||r ||||||| ||bul||
010 _aKNG00159173000
020 _a978-954-409-326-6
_bиздат.: Плеяда
040 _aBLK
041 _aBUL
_cBUL
072 7 _2bullib
_aН83
_xЧужда художествена литература Н
080 _aАмериканска литература (на САЩ)
_b821.111(73)
_x-312.4
_z821.111(73)-312.4
100 1 _aХосп, Дейвид
_eпърви автор
_9137591
700 1 _aНинов, Петър Цветанов
_eпрев. от англ.
_9376592
139 _aХосп, Дейвид
_bХ 69
245 1 0 _aАдвокат за милиони
_bРоман
_cДейвид Хосп; прев. от англ. Петър Цветанов Нинов.
257 _aUSA
260 София
_bПлеяда
_c2012
_fСофия : Аси принт
300 _a360 с.
_c20 см
380 _aX
490 1 _aСветовен трилър
500 _aОриг. загл. Among Thieves / David Hosp.
653 _aкрими
653 _aромани
659 _aН
852 _aЦб 267426
856 4 _qpdf
_u
856 4 _qpdf
_u
942 _cKNG
_n0
_022
944 _aCR
_c04.04.2014
_lВиолета Тройчева
_k30552
944 _aED
_c06.07.2017
_lф /
_kЛюдмила_Стоянова
999 _c152664
_d152664